• 首页
  • 本馆介绍
  • 公告通知
  • 最新文献
  • 馆藏检索
  • 电子资源
  • 读者导购
  • 参考咨询
  • 我的图书馆
  • 登录
  • 详细信息显示
  • 放入我的书架
  • 预约/预借图书
  • 作者相关作品
  • 分类相关作品
  • 丛书相关作品
  • 出版社相关作品

书目信息

  • 表格格式
  • 工作单格式
  • 卡片格式
题名:
慰安妇
    
 
作者: 希克斯 著 ;滕建群 译
分册:  
出版信息: 北京   新华出版社  2002
页数: 279页
开本: 20cm
丛书名:
单 册:
中图分类: K313.46
科图分类:
主题词: 日本--近代史--1937~1945
电子资源:
ISBN: 7-5011-5529-1
000 00601nam0 2200205 45
001 0309230847
005 20041115104659.9
010    @a7-5011-5529-1@dCNY19.00
100    @a20030923d2002 km y0chiy0120 ea
101 0  @achi
105    @aa z 000yy
200 1  @a慰安妇@AWei An Fu@f(澳)乔治·希克斯著@F(Ao)Qiao Zhi·Xi Ke Si Zhu@g滕建群译
210    @a北京@c新华出版社@d2002
215    @a279页@c照片@d20cm
606 0  @a日本@x近代史@z1937~1945
690    @aK313.46@v3
701  0 @a希克斯@4著
702  0 @a滕建群@ATeng Jian Qun@4译
801    @aCN@bTSTC@c20030923
905    @b326167-171@dK313.46@e35@f5
    
    慰安妇/(澳)乔治·希克斯著/滕建群译.-北京:新华出版社,2002
    279页:照片;20cm
    
    
    ISBN 7-5011-5529-1:CNY19.00
    
●
相关链接 在E读中查询图书 在五车中查询图书 在当当中查询图书 在豆瓣中查询图书


正题名:慰安妇     索取号:K313.46/35         预约/预借

序号 登录号 条形码 馆藏地/架位号 状态 备注
1 0326167   203261674   第二借阅区/ [索取号:K313.46/35] 在馆    
2 0326168   203261683   第二借阅区/ [索取号:K313.46/35] 在馆    
3 0326169   203261692   第二借阅区/ [索取号:K313.46/35] 在馆    
4 0326170   203261709   第二借阅区/ [索取号:K313.46/35] 在馆    
5 0326171   203261718   第二样本阅览室/ [索取号:K313.46/35] 在馆    
唐山师范学院图书馆 欢迎您!
大连网信软件有限公司© 版权所有